Bevölkerungsreichste Länder nach vorkommenden Buchstaben - Statistiken

Allgemein
  • Dieses Quiz wurde 410 mal gespielt
    314 seit der letzten Aktualisierung
  • Das Durchschnittsergebnis liegt bei 25 aus 46
Antwortstatistiken
Buchstaben (Top 5) Einwohnerzahl Land % Korrekt
A, C, H, I, N 1.394.800.000 China
99%
A, E, G, I, N, R, S, T, V 325.400.000 Vereinigte Staaten
96%
C, D, H, L, U 83.100.000 Deutschland
94%
D, E, I, N 1.352.600.000 Indien
94%
A, B, E, I, L, N, R, S 207.900.000 Brasilien
93%
F 65.000.000 Frankreich
93%
K, M, O, X 129.200.000 Mexiko
91%
D, L, R, U 144.500.000 Russland
89%
J, P 126.700.000 Japan
88%
D, E, I, N, O, S 264.000.000 Indonesien
86%
A, E, G, R 190.900.000 Nigeria
85%
G, P, T, Y 93.400.000 Ägypten
82%
A, K, P, S, T 207.600.000 Pakistan
82%
C, K, O, V 66.200.000 Vereinigtes Königreich
79%
B, C, D, E, G, H, L, S 164.700.000 Bangladesch
77%
B, C, G, K, M, O, R, U 81.500.000 D. R. Kongo
74%
H, O, P, T 105.000.000 Äthiopien
71%
M, T, V 93.700.000 Vietnam
69%
F, U 56.500.000 Südafrika
67%
B, M 49.300.000 Kolumbien
64%
K, U 80.900.000 Türkei
63%
H, L, P 105.000.000 Philippinen
61%
J 28.300.000 Jemen
54%
B 32.600.000 Saudi-Arabien
54%
V, Z 31.400.000 Venezuela
53%
F 35.500.000 Afghanistan
50%
Y 31.600.000 Malaysia
49%
M, Y 53.400.000 Myanmar
49%
J 9.700.000 Jordanien
40%
Z 4.700.000 Zentralafrikanische Republik
40%
W 9.500.000 Weißrussland
39%
V 11.100.000 Bolivien
32%
Y 18.300.000 Syrien
30%
Y 6.800.000 Paraguay
27%
W 23.800.000 Taiwan
27%
J 2.900.000 Jamaika
26%
W 10.100.000 Schweden
26%
Q 1.300.000 Äquatorialguinea
23%
Z 8.500.000 Schweiz
23%
W 16.600.000 Simbabwe
21%
X 600.000 Luxemburg
20%
F 24.400.000 Elfenbeinküste
15%
W 18.600.000 Malawi
12%
F 19.600.000 Burkina Faso
10%
Z 3.500.000 Bosnien und Herzegovina
9%
Z 2.100.000 Nordmazedonien
9%
Keine übereinstimmenden Quizze gefunden
Verteilung der Resultate
Anzahl Personen mit jedem Resultat
Perzentil nach korrekt beantworteten Fragen
Ihre Resultats-Entwicklung
Sie haben dieses Quiz seit der letzten Aktualisierung nicht gespielt